[Event "RUS-ch sf"]
[Site "Krasnodar"]
[Date "1999.??.??"]
[Round "3"]
[White "Belotserkovsky, Andrey"]
[Black "Dashko, Andrey"]
[Result "1/2-1/2"]
[WhiteElo "2352"]
[BlackElo "2276"]
[PlyCount "106"]
[EventDate "1999.??.??"]
[EventType "swiss"]
[EventRounds "9"]
[EventCountry "RUS"]
[SourceTitle "EXT 2002"]
[Source "ChessBase"]
[SourceDate "2001.11.25"]
[SourceVersion "1"]
[SourceVersionDate "2001.11.25"]
[SourceQuality "1"]

1. e4 c5 2. Nf3 g6 3. d4 cxd4 4. Nxd4 Bg7 5. Nc3 Nc6 6. Be3 Nf6 7. Nxc6 bxc6 8. e5 Nd5 9. Nxd5 cxd5 10. Qxd5 Rb8 11. 0-0-0 Qc7 12. Qc5 Qxc5 13. Bxc5 Bxe5 14. c3 a6 15. Ba7 Ra8 16. Be3 Bb7 17. f4 Bd6 18. Rd2 h5 19. Bc4 h4 20. Bd5 Bxd5 21. Rxd5 Rc8 22. Kc2 Rc6 23. Rhd1 f6 24. a3 Kf7 25. b4 Rhc8 26. R1d3 Ke6 27. Bd2 Rc4 28. g3 h3 29. Kb3 f5 30. a4 Re4 31. Ra5 Rc6 32. b5 axb5 33. axb5 Rc8 34. Be3 Bc5 35. Bxc5 Rxc5 36. Rd2 d6 37. Rc2 Re1 38. c4 Rb1+ 39. Ka3 Kf7 40. Ra4 Ke8 41. Rb4 Ra1+ 42. Kb2 Ra7 43. Kb3 Kd7 44. Ra4 Rb7 45. Raa2 d5 46. Kb4 Rbc7 47. b6 Rxc4+ 48. Rxc4 Rxc4+ 49. Kb5 Kc8 50. Ra8+ Kb7 51. Ra7+ Kb8 52. Rxe7 Rc2 53. Rh7 Rxh2 1/2-1/2

[Event "RUS-ch sf"]
[Site "Krasnodar"]
[Date "1999.??.??"]
[Round "5"]
[White "Belotserkovsky, Andrey"]
[Black "Parfenov, Vladislav"]
[Result "1-0"]
[WhiteElo "2352"]
[BlackElo "2280"]
[PlyCount "58"]
[EventDate "1999.??.??"]
[EventType "swiss"]
[EventRounds "9"]
[EventCountry "RUS"]
[SourceTitle "EXT 2002"]
[Source "ChessBase"]
[SourceDate "2001.11.25"]
[SourceVersion "1"]
[SourceVersionDate "2001.11.25"]
[SourceQuality "1"]

1. e4 e5 2. Nf3 Nc6 3. Bc4 Nf6 4. d3 Be7 5. 0-0 0-0 6. Re1 d6 7. c3 Na5 8. Bb5 a6 9. Ba4 b5 10. Bc2 c5 11. Nbd2 Qc7 12. Nf1 Rb8 13. Bd2 Nc6 14. Ne3 Re8 15. Nd5 Nxd5 16. exd5 Na5 17. b4 cxb4 18. cxb4 Nb7 19. d4 Bf6 20. Rc1 Qd8 21. Bc3 Bg4 22. Qd3 Bxf3 23. Qxh7+ Kf8 24. gxf3 g6 25. Bd2 Qb6 26. Bxg6 Nd8 27. dxe5 Rxe5 28. Rxe5 Bxe5 29. Bh6+ Ke8 1-0

[Event "RUS-ch sf"]
[Site "Krasnodar"]
[Date "1997.??.??"]
[Round "?"]
[White "Belotserkovsky, Andrey"]
[Black "Tregubov, Pavel V"]
[Result "1/2-1/2"]
[WhiteElo "2285"]
[BlackElo "2525"]
[PlyCount "72"]
[EventDate "1997.??.??"]
[EventType "swiss"]
[EventRounds "9"]
[EventCountry "RUS"]
[SourceTitle "EXT 2000"]
[Source "ChessBase"]
[SourceDate "1999.11.16"]
[SourceVersion "1"]
[SourceVersionDate "1999.11.16"]
[SourceQuality "1"]

1. e4 c5 2. Nf3 e6 3. d4 cxd4 4. Nxd4 Nc6 5. g3 d5 6. Bg2 Qb6 7. Nb3 dxe4 8. Bxe4 Nf6 9. Bg2 Be7 10. 0-0 0-0 11. Be3 Qc7 12. Nc3 Rd8 13. Qe2 e5 14. Nb5 Qb8 15. Rfd1 Bg4 16. Bf3 Bxf3 17. Qxf3 a6 18. Rxd8+ Qxd8 19. Rd1 Qc8 20. Nd6 Bxd6 21. Rxd6 e4 22. Qf4 Qh3 23. Nd4 Ng4 24. Nxc6 Qxh2+ 25. Kf1 Nxe3+ 26. Qxe3 Qh1+ 27. Ke2 bxc6 28. Kd2 h6 29. Rxc6 Qb1 30. Qc5 Qxa2 31. Ke3 g6 32. Rc8+ Rxc8 33. Qxc8+ Kh7 34. Qb7 Kg7 35. Qb4 f5 36. c4 Qb1 1/2-1/2

[Event "RUS-ch sf"]
[Site "Krasnodar"]
[Date "1997.??.??"]
[Round "?"]
[White "Doroshkievich, Vladimir K"]
[Black "Belotserkovsky, Andrey"]
[Result "0-1"]
[WhiteElo "2385"]
[BlackElo "2285"]
[PlyCount "82"]
[EventDate "1997.??.??"]
[EventType "swiss"]
[EventRounds "9"]
[EventCountry "RUS"]
[SourceTitle "EXT 2000"]
[Source "ChessBase"]
[SourceDate "1999.11.16"]
[SourceVersion "1"]
[SourceVersionDate "1999.11.16"]
[SourceQuality "1"]

1. d4 f5 2. g3 Nf6 3. Bg2 g6 4. Nh3 Bg7 5. Nf4 0-0 6. h4 d6 7. Nc3 c6 8. d5 Qe8 9. e4 fxe4 10. Nxe4 Nxe4 11. Bxe4 e6 12. dxc6 d5 13. cxb7 Bxb7 14. Bg2 Ba6 15. h5 g5 16. h6 Bf6 17. Nh5 Qf7 18. Nxf6+ Qxf6 19. Be3 Nc6 20. Qg4 Rab8 21. Rh5 Rxb2 22. Qxg5+ Kf7 23. Qxf6+ Kxf6 24. Kd2 Rc8 25. Kc1 Rb4 26. Rb1 Bd3 27. Rb3 Bg6 28. Bg5+ Kf7 29. Rh4 Rxh4 30. gxh4 Nd4 31. Rb7+ Kf8 32. Be7+ Ke8 33. Kb2 Rxc2+ 34. Ka3 Rxf2 35. Bh1 Rh2 36. Bc5 Nc2+ 37. Ka4 Rxh1 38. Re7+ Kd8 39. Rxe6 Rxh4+ 40. Ka5 Rxh6 41. Bxa7 Kd7 0-1

[Event "Krasnodar op"]
[Site "Krasnodar"]
[Date "1997.??.??"]
[Round "?"]
[White "Koniushkov, Igor"]
[Black "Belotserkovsky, Andrey"]
[Result "1/2-1/2"]
[WhiteElo "2405"]
[BlackElo "2285"]
[PlyCount "29"]
[EventDate "1997.??.??"]
[EventType "swiss"]
[EventRounds "11"]
[EventCountry "RUS"]
[SourceTitle "EXT 2000"]
[Source "ChessBase"]
[SourceDate "1999.11.16"]
[SourceVersion "1"]
[SourceVersionDate "1999.11.16"]
[SourceQuality "1"]

1. d4 f5 2. g3 Nf6 3. Bg2 g6 4. Nf3 Bg7 5. 0-0 0-0 6. c4 d6 7. Nc3 Nc6 8. d5 Na5 9. Qa4 c5 10. dxc6 bxc6 11. c5 dxc5 12. Ne5 Qb6 13. Rd1 Ba6 14. Qc2 Rfd8 15. Be3 1/2-1/2

[Event "Krasnodar op"]
[Site "Krasnodar"]
[Date "1997.??.??"]
[Round "?"]
[White "Poluljahov, Aleksandr"]
[Black "Belotserkovsky, Andrey"]
[Result "1-0"]
[WhiteElo "2510"]
[BlackElo "2285"]
[PlyCount "61"]
[EventDate "1997.??.??"]
[EventType "swiss"]
[EventRounds "11"]
[EventCountry "RUS"]
[SourceTitle "EXT 2000"]
[Source "ChessBase"]
[SourceDate "1999.11.16"]
[SourceVersion "1"]
[SourceVersionDate "1999.11.16"]
[SourceQuality "1"]

1. d4 f5 2. Nc3 d5 3. Bf4 c6 4. e3 Nf6 5. Nf3 e6 6. Bd3 Bd6 7. 0-0 0-0 8. Ne2 Qe7 9. c4 Nbd7 10. cxd5 Nxd5 11. Bxd6 Qxd6 12. Qb3 Kh8 13. Nc3 N5b6 14. Qc2 g6 15. e4 Qe7 16. Rfe1 Qg7 17. b4 Nf6 18. a4 fxe4 19. Nxe4 Nbd5 20. Qb3 Nxe4 21. Rxe4 Bd7 22. Ne5 Rad8 23. b5 Be8 24. Qb2 g5 25. Rae1 Nf4 26. R4e3 cxb5 27. axb5 Nh5 28. b6 axb6 29. Qxb6 Bc6 30. Rh3 Be8 31. Qxd8 1-0